[Event "TCh-HUN 2010-11"]
[Site "Budapest HUN"]
[Date "2010.11.21"]
[Round "3"]
[White "Dovzik,J"]
[Black "Bodiroga,P"]
[Result "0-1"]
[WhiteElo "2380"]
[BlackElo "2398"]

1.c4 c6 2.d4 d5 3.Nf3 Nf6 4.Qc2 dxc4 5.Qxc4 Bf5 6.g3 e6 7.Bg2 Be7 8.O-O O-O
9.e3 Nbd7 10.Qe2 Qc7 11.Nc3 Ne4 12.Rd1 Rad8 13.Nd2 Nxc3 14.bxc3 Bc2 15.Re1 c5
16.Ba3 Rfe8 17.Rac1 Bg6 18.Qb5 Rb8 19.c4 cxd4 20.Bxe7 dxe3 21.Bg5 exd2 22.Bxd2 Nc5
23.Re2 a6 24.Qa5 b6 25.Qc3 Nd3 26.Rd1 Rbd8 27.Re3 Rd7 28.Bc1 Nxc1 29.Rxc1 Red8
30.Qb4 Rd4 31.h3 h6 32.a4 Bd3 33.Kh2 h5 34.Qb2 h4 35.a5 bxa5 36.c5 Bb5 37.c6 a4
38.Rc2 hxg3+ 39.fxg3 g6 40.Qc1 Rd3 41.Rc3 Rxc3 42.Qxc3 Rd6 43.Be4 Rd8 44.Kg2 e5
45.Qc2 Rd6 46.Rc3 Kg7 47.Rc5 Rd4 48.Kg1 a3 49.Bd5 Qe7 50.c7 Bd7  0-1

[Event "TCh-BEL 2010-11"]
[Site "Ghent BEL"]
[Date "2010.11.21"]
[Round "4.2"]
[White "Richter,Ch"]
[Black "Van der Stricht,G"]
[Result "1/2-1/2"]
[WhiteElo "2392"]
[BlackElo "2392"]

1.c4 c6 2.Nf3 d5 3.e3 Nf6 4.Nc3 Bg4 5.cxd5 Bxf3 6.Qxf3 cxd5 7.Bb5+ Nc6 8.Bxc6+ bxc6
9.b3 e6 10.O-O Be7 11.Bb2 O-O 12.Rac1 Qa5 13.Rc2 Rac8 14.Na4 Qb5 15.Rfc1 Ne4
16.Qd1 Rfd8 17.Qf1 Qb7 18.d3 Nf6 19.Qe2 Nd7 20.Qg4 Bf8 21.h3 Qa6 22.Qe2 c5
23.Ba1 Rc6 24.e4 dxe4 25.dxe4 Qxe2 26.Rxe2 Nb6 27.Nb2 Rcd6 28.Rec2 R6d7 29.Kf1 f5
30.exf5  1/2-1/2

[Event "TCh-FIN 2010-11"]
[Site "Sastamala FIN"]
[Date "2010.11.21"]
[Round "5.5"]
[White "Maki,V"]
[Black "Pohjala,H"]
[Result "1/2-1/2"]
[WhiteElo "2409"]
[BlackElo "2245"]

1.c4 c6 2.e4 e5 3.Nf3 d6 4.d4 Qc7 5.Nc3 Bg4 6.Be2 Nd7 7.O-O Be7 8.Be3 Ngf6
9.d5 O-O 10.Nd2 Bxe2 11.Qxe2 a5 12.b3 Rfe8 13.a3 Nf8 14.b4 axb4 15.axb4 Ng6
16.g3 Nd7 17.dxc6 bxc6 18.b5 Reb8 19.Rfb1 Ngf8 20.b6 Qd8 21.Rxa8 Rxa8 22.c5 dxc5
23.b7 Ra7 24.Nc4 Qb8 25.Qb2 Ne6 26.f4 Nd8 27.Qd2 Nf8 28.Nxe5 Rxb7 29.Rxb7 Qxb7
30.f5 Qb3 31.Qd3  1/2-1/2

[Event "4th South Bohemia Open"]
[Site "Cesky Krumlov CZE"]
[Date "2010.11.23"]
[Round "3"]
[White "Moronga,J"]
[Black "Snorek,M"]
[Result "0-1"]
[WhiteElo "1914"]
[BlackElo "2179"]

1.c4 c6 2.d4 d5 3.cxd5 cxd5 4.Nf3 Nf6 5.e3 Nc6 6.Be2 Bf5 7.a3 e6 8.Nbd2 Be7
9.Nh4 Be4 10.f3 Bg6 11.b4 Rc8 12.Nxg6 hxg6 13.Bb2 Bd6 14.f4 g5 15.g3 gxf4
16.exf4 g5 17.O-O gxf4 18.gxf4 Ke7 19.Qe1 Qg8+ 20.Kf2 Bxf4  0-1

[Event "16th Asian Games Team Men"]
[Site "Guangzhou CHN"]
[Date "2010.11.23"]
[Round "6"]
[White "Ghaem Maghami,E"]
[Black "Araz,B"]
[Result "1-0"]
[WhiteElo "2593"]
[BlackElo "2349"]

1.c4 c6 2.e4 d5 3.cxd5 cxd5 4.exd5 Nf6 5.Bb5+ Bd7 6.Bc4 b5 7.Be2 Nxd5 8.d4 e6
9.Nf3 Be7 10.O-O O-O 11.Nc3 Nxc3 12.bxc3 a6 13.Bd3 Nc6 14.Qe2 Bf6 15.Bd2 Re8
16.Rfe1 e5 17.d5 Na5 18.h4 Rc8 19.Ng5 Bxg5 20.hxg5 Nc4 21.a4 e4 22.Bxc4 Rxc4
23.Bf4 Rxc3 24.axb5 Bxb5 25.Qb2 Rd3 26.d6 f6 27.Rac1 fxg5 28.Be5 Rxd6 29.Bxd6 Qxd6
30.Rc3 g4 31.Qc2 Qb4 32.Rce3 Bd3 33.Qd1 Rf8 34.Qxg4 Qd2 35.f3 exf3 36.Qe6+ Kh8
37.Rxf3  1-0

[Event "XXIII Belgrade Trophy"]
[Site "Obrenovac SRB"]
[Date "2010.11.24"]
[Round "1.20"]
[White "Bozic,Mila"]
[Black "Krstonijevic,S"]
[Result "1-0"]
[WhiteElo "2456"]
[BlackElo "1998"]

1.c4 c6 2.Nc3 d5 3.d4 Nf6 4.Nf3 e6 5.Bf4 dxc4 6.Ne5 Nd5 7.Bd2 Nxc3 8.bxc3 c5
9.e3 cxd4 10.exd4 Nc6 11.Nxc6 bxc6 12.Bxc4 Bd6 13.Qh5 Rb8 14.O-O Qf6 15.Bd3 Bf4
16.Bxf4 Qxf4 17.Qc5 Qc7 18.Rab1 Rxb1 19.Rxb1 f6 20.Be4 Bd7 21.g3 f5 22.Bf3 Kf7
23.d5 exd5 24.Bxd5+ Kg6 25.Rb7  1-0

[Event "XXIII Belgrade Trophy"]
[Site "Obrenovac SRB"]
[Date "2010.11.25"]
[Round "2.40"]
[White "Fernandez Manrique,A"]
[Black "Skare,G"]
[Result "1/2-1/2"]
[WhiteElo "2108"]
[BlackElo "2304"]

1.c4 c6 2.g3 d5 3.Bg2 Nf6 4.Nf3 Bf5 5.cxd5 cxd5 6.Qb3 Qb6 7.Qxb6 axb6 8.Nc3 Nc6
9.Nb5 Ra5 10.Nbd4 Be4 11.O-O Nxd4 12.Nxd4 Bxg2 13.Kxg2 e5 14.Nb3 Ra4 15.d3 Bd6
16.Nd2 Ke7 17.b3 Ra5 18.Bb2 Rc8 19.Rfc1 Rxc1 20.Bxc1 Rc5 21.Kf1 Rc2 22.Ke1 Bb4
23.Kd1 Rc8 24.h3 Bc5 25.e3 Nd7 26.Bb2 Bb4 27.Nf3 f6 28.a3  1/2-1/2

[Event "16th Asian Games Team Final Women"]
[Site "Guangzhou CHN"]
[Date "2010.11.26"]
[Round "3"]
[White "Harika,D"]
[Black "Hoang Thi Bao Tram"]
[Result "0-1"]
[WhiteElo "2525"]
[BlackElo "2271"]

1.c4 c6 2.Nf3 Nf6 3.d4 d5 4.Nc3 dxc4 5.a4 Bf5 6.Ne5 e6 7.e3 Nbd7 8.Nxd7 Qxd7
9.Bxc4 Bb4 10.f3 Rd8 11.Qb3 a5 12.O-O O-O 13.Rd1 Bg6 14.e4 Qc7 15.Be3 Nd7
16.Rac1 Qb8 17.Bf2 Bd6 18.e5 Bb4 19.Bh4 Rde8 20.Na2 Be7 21.Be1 b6 22.Bf1 Rc8
23.Nc3 Rfd8 24.Ne4 c5 25.Ba6 Rc7 26.Nd6 cxd4 27.Bg3 Rxc1 28.Rxc1 Nc5 29.Rxc5 bxc5
30.Bb5 h6 31.h4 Qb6 32.Kh1 Rxd6 33.exd6 Bxd6 34.f4 Be4 35.Qd1 Qb7 36.Qd2 Qd5
37.Kh2 Bc7 38.Be1 g6 39.Qf2 c4 40.Bd2 Bb6 41.Kg1 c3 42.Bc1 Qc5 43.Kh2 c2
44.b3 d3 45.Qe1 Bd5 46.Bb2 Qe3 47.Qc3 Qxf4+  0-1

[Event "XXIII Belgrade Trophy"]
[Site "Obrenovac SRB"]
[Date "2010.11.26"]
[Round "3.10"]
[White "Drenchev,P"]
[Black "Krstic,P"]
[Result "1-0"]
[WhiteElo "2507"]
[BlackElo "2336"]

1.c4 c6 2.e4 d5 3.exd5 cxd5 4.d4 Nf6 5.Nc3 Nc6 6.Nf3 Bg4 7.cxd5 Nxd5 8.Qb3 Nxc3
9.bxc3 Qc7 10.Rb1 Rb8 11.d5 Ne5 12.Nxe5 Qxe5+ 13.Be3 Rd8 14.Bb5+ Bd7 15.O-O a6
16.Bxd7+ Rxd7 17.Qa4 Qc7 18.Rb6 f5 19.Rfb1 Kf7 20.Qb3 Qe5 21.Rxb7 Rd8 22.d6+ Kg6
23.d7 e6 24.Bd4 Qe2 25.c4 Bd6 26.c5 Qe4 27.Qe3 Qxe3 28.fxe3  1-0

[Event "National Chess Congress"]
[Site "Philadelphia USA"]
[Date "2010.11.26"]
[Round "2"]
[White "Lenderman,A"]
[Black "Herman,Ma"]
[Result "1-0"]
[WhiteElo "2537"]
[BlackElo "2149"]

1.c4 c6 2.e4 d5 3.exd5 cxd5 4.d4 Nf6 5.Nc3 Nc6 6.Nf3 Bg4 7.cxd5 Nxd5 8.Qb3 Nb6
9.Be3 Bxf3 10.gxf3 e6 11.O-O-O Be7 12.Kb1 O-O 13.d5 exd5 14.Nxd5 Nxd5 15.Rxd5 Qc7
16.f4 Rad8 17.Bg2 Bf6 18.Rc1 Rxd5 19.Bxd5 Qd7 20.Bxc6 bxc6 21.Qa4 Rb8 22.b3 Qf5+
23.Rc2 Rc8 24.Qxa7 c5 25.Qa5 h5 26.Qb5 h4 27.a4 h3 28.a5 Qe4 29.a6 Rd8 30.Bc1 Rd1
31.Qe2 Qd4 32.Ra2 Rxc1+ 33.Kxc1 Qc3+ 34.Qc2 Qf3 35.a7 Qa8 36.f3  1-0

[Event "BNBank Gp2"]
[Site "Oslo NOR"]
[Date "2010.11.27"]
[Round "1"]
[White "Agdestein,S"]
[Black "Olsen,Ande"]
[Result "1-0"]
[WhiteElo "2570"]
[BlackElo "2081"]

1.c4 c6 2.Nf3 d5 3.b3 Nf6 4.Bb2 e6 5.e3 Nbd7 6.Be2 Bd6 7.d4 O-O 8.O-O Qe7
9.Nc3 dxc4 10.bxc4 e5 11.a4 Re8 12.Re1 e4 13.Nd2 Nf8 14.a5 Bf5 15.c5 Bc7
16.Nc4 Nd5 17.Qb3 Rab8 18.Ba3 Qh4 19.Nd6 Re6 20.g3 Qh3 21.Bf1 Qh5 22.Nxd5 Rh6
23.Ne7+ Kh8 24.Nxf7+  1-0

[Event "BNBank Gp2"]
[Site "Oslo NOR"]
[Date "2010.11.27"]
[Round "8"]
[White "Agdestein,S"]
[Black "Houska,Jo"]
[Result "1-0"]
[WhiteElo "2570"]
[BlackElo "2421"]

1.c4 c6 2.Nf3 d5 3.b3 Nf6 4.Bb2 Bf5 5.g3 e6 6.Bg2 h6 7.O-O Nbd7 8.d3 Be7
9.Nbd2 O-O 10.a3 a5 11.h3 Bh7 12.Re1 Bd6 13.cxd5 exd5 14.Nd4 Re8 15.Qc2 Qe7
16.e4 dxe4 17.dxe4 Bc5 18.Kh2 Red8 19.Nf5 Qe6 20.Nc4 b5 21.Nce3 Bb6 22.Qxc6 Qxb3
23.Bxf6 gxf6 24.Nxh6+ Kg7 25.Nef5+ Kg6 26.Ng4 Qe6 27.Qc1  1-0

[Event "National Chess Congress"]
[Site "Philadelphia USA"]
[Date "2010.11.27"]
[Round "3"]
[White "Smarty,Sylvester"]
[Black "Clancy,D"]
[Result "1/2-1/2"]
[WhiteElo "2121"]
[BlackElo "2123"]

1.c4 c6 2.g3 d5 3.Bg2 Nf6 4.Nf3 Bg4 5.Qc2 Nbd7 6.d3 e6 7.O-O Be7 8.Nbd2 O-O
9.Rb1 Qb8 10.b3 Rc8 11.Bb2 b5 12.Rfc1 h6 13.e4 dxe4 14.dxe4 Bc5 15.Rf1 e5
16.Rbc1 b4 17.Qb1 Re8 18.h3 Bh5 19.g4 Bg6 20.Nh4 Bh7 21.Nf5 Nf8 22.Rfe1 Ng6
23.Nf3 Nf4 24.Bf1 Qb6 25.Qc2 Nd7 26.Rcd1 Rad8 27.Rd2 f6 28.Red1 Nf8 29.N3h4 Qc7
30.Bc1 N8e6 31.Rxd8 Rxd8 32.Nf3 Rxd1 33.Qxd1 Bxf5 34.exf5 Ng5 35.Bxf4 Nxf3+
36.Qxf3 exf4 37.Bg2 Qe5 38.Qe4 Qa1+ 39.Bf1 Qxa2 40.Qxf4 Qxb3 41.Qe4 Qg3+
42.Kh1 Qxf2 43.Qe8+ Bf8 44.Bg2 Qd4 45.Qe6+ Kh7 46.Bxc6 Bc5 47.Qe1 Qxc4 48.Be8 Qd5+
49.Kh2 Bd6+ 50.Kg1 Qd4+ 51.Kg2 Be5 52.Bf7 b3 53.Qb1  1/2-1/2

[Event "60th ch-GRE"]
[Site "Vrahati GRE"]
[Date "2010.11.27"]
[Round "2.1"]
[White "Banikas,H"]
[Black "Spiliadis,Athanasios"]
[Result "1-0"]
[WhiteElo "2590"]
[BlackElo "1888"]

1.c4 c6 2.Nf3 Nf6 3.Nc3 d5 4.e3 e6 5.b3 Bd6 6.d4 O-O 7.Bd3 Nbd7 8.O-O e5
9.cxd5 Nxd5 10.Nxd5 cxd5 11.dxe5 Bc7 12.Bb2 Re8 13.Bb5 a6 14.Bxd7 Qxd7 15.Rc1 Qe7
16.Qxd5  1-0

[Event "National Chess Congress"]
[Site "Philadelphia USA"]
[Date "2010.11.28"]
[Round "6"]
[White "Kacheishvili,G"]
[Black "Herman,Ma"]
[Result "1-0"]
[WhiteElo "2575"]
[BlackElo "2149"]

1.c4 c6 2.e4 d5 3.exd5 cxd5 4.d4 Nf6 5.Nc3 Nc6 6.Bf4 Be6 7.c5 g6 8.Bb5 Bg7
9.f3 O-O 10.Nge2 Ne8 11.O-O f6 12.Qd2 Bf7 13.Rfd1 Nc7 14.Ba4 Rc8 15.Rac1 Kh8
16.Be3 Bg8 17.b4 e5 18.a3 Ne7 19.Ng3 exd4 20.Bxd4 h5 21.h4 Ne6 22.Bf2 d4
23.Nb5 Nc6 24.Nd6 f5 25.Nxb7 Qd5 26.Nd6 Rc7 27.Ne2 Ne5 28.Nxd4 Nxd4 29.Bxd4 f4
30.Rc3 Re7 31.Bb3 Nxf3+ 32.Rxf3 Re1+ 33.Rxe1 Bxd4+ 34.Kh1  1-0

[Event "Open LTU Rapid Final"]
[Site "Vilnius LTU"]
[Date "2010.11.28"]
[Round "3"]
[White "Navara,D"]
[Black "Rausis,I"]
[Result "1-0"]
[WhiteElo "2708"]
[BlackElo "2482"]

1.c4 c6 2.Nf3 d5 3.e3 Nf6 4.Nc3 a6 5.d4 Bf5 6.Qb3 Ra7 7.cxd5 cxd5 8.Bd2 e6
9.Rc1 Bd6 10.Na4 O-O 11.Bb4 Nc6 12.Bxd6 Qxd6 13.Be2 Bg4 14.O-O Ne4 15.Qb6 Qb4
16.Rxc6 Qxa4 17.Rc7 Raa8 18.a3 Rad8 19.Rxb7 Rd6 20.Qa7 Bxf3 21.gxf3 Nd2 22.Rc1 e5
23.Rb8 Nc4 24.Qa8  1-0

[Event "XXIII Belgrade Trophy"]
[Site "Obrenovac SRB"]
[Date "2010.11.29"]
[Round "6.58"]
[White "Ingason,S"]
[Black "Trisic,D"]
[Result "0-1"]
[WhiteElo "1887"]
[BlackElo "2060"]

1.c4 c6 2.g3 d5 3.Bg2 Nf6 4.Nf3 e6 5.b3 Nbd7 6.Bb2 Bd6 7.d4 O-O 8.O-O Re8
9.Ne5 dxc4 10.Nxc4 Bc7 11.e4 b5 12.Ne3 e5 13.d5 Bb7 14.Qd3 Bb6 15.dxc6 Bxc6
16.Nd5 Nc5 17.Nxf6+ Qxf6 18.Qe2 Rad8 19.Nc3 Nd3 20.Nd5 Bxd5 21.exd5 Nxb2
22.Qxb2  0-1

[Event "60th ch-GRE"]
[Site "Vrahati GRE"]
[Date "2010.11.29"]
[Round "4.2"]
[White "Mastrovasilis,A"]
[Black "Spiliadis,Athanasios"]
[Result "1-0"]
[WhiteElo "2556"]
[BlackElo "1888"]

1.c4 c6 2.Nf3 d5 3.e3 Nf6 4.Nc3 e6 5.b3 Nbd7 6.Bb2 e5 7.d4 e4 8.Nd2 a6 9.f3 exf3
10.Qxf3 Bb4 11.a3 Bxc3 12.Bxc3 O-O 13.Bd3 Re8 14.O-O Nf8 15.h3 Be6 16.e4 dxe4
17.Nxe4 Nxe4 18.Bxe4 Qb6 19.Kh1 f6 20.Qg3 Bd5 21.Bd3 Be4 22.Bxe4 Rxe4 23.Rxf6 Qxb3
24.Raf1 Ng6 25.Rf7 Qxa3 26.c5 Re7 27.Rxe7 Nxe7 28.d5 Ng6 29.Qe3 Qa4 30.Qe6+ Kh8
31.Bxg7+ Kxg7 32.Rf7+ Kh6 33.Qe3+ Nf4 34.Rxf4  1-0

[Event "ch-RSSU"]
[Site "Moscow RUS"]
[Date "2010.12.03"]
[Round "3"]
[White "Papin,V"]
[Black "Polschikov,A"]
[Result "1-0"]
[WhiteElo "2541"]
[BlackElo "2387"]

1.c4 c6 2.Nf3 d5 3.e3 Nf6 4.Nc3 Bg4 5.cxd5 Bxf3 6.gxf3 cxd5 7.Qb3 Qd7 8.d4 Nc6
9.Na4 e5 10.dxe5 Nxe5 11.Bb5 Nc6 12.Bd2 Be7 13.Bc3 O-O 14.O-O-O Rfd8 15.Rhg1 Qe6
16.e4 d4 17.Bc4 Qe5 18.Bd2 Qc7 19.Kb1 Kf8 20.Rc1 Bd6 21.Qb5 h6 22.Bb3 Rab8
23.Qf5 Qe7 24.Nc5 Ne5 25.Bb4 g6 26.Qf4 g5 27.Qf5 Ng6 28.e5 Qxe5 29.Ne6+ fxe6
30.Qxg6 Qf5+ 31.Qxf5 exf5 32.Rc7 Bxb4 33.Rf7+ Ke8 34.Rxf6 Rd6 35.Rxf5 d3
36.a3 Bd2 37.f4 Kd7 38.fxg5 hxg5 39.Rd1 Bf4 40.h4 Rd4 41.hxg5 Re8 42.g6 Bh6
43.Rh5 Bg7 44.Rh7 Re7 45.f4 Rxf4 46.Rxd3+ Kc6 47.Bf7 Rf1+ 48.Ka2 Bf6 49.Bd5+  1-0

[Event "TCh-CZE 2010-11"]
[Site "Czech Rep CZE"]
[Date "2010.12.05"]
[Round "4.4"]
[White "Ivanov,MM"]
[Black "Cech,P"]
[Result "1-0"]
[WhiteElo "2429"]
[BlackElo "2403"]

1.c4 c6 2.e4 e5 3.Nf3 d6 4.d4 Nd7 5.Nc3 Ngf6 6.Be2 Be7 7.O-O O-O 8.Qc2 a6
9.Rd1 Qc7 10.Rb1 b5 11.b4 Bb7 12.a4 bxc4 13.dxe5 Nxe5 14.Nxe5 dxe5 15.Bxc4 a5
16.bxa5 Rxa5 17.Bd2 Raa8 18.Be3 Qc8 19.h3 Ba6 20.Ba2 Rb8 21.a5 Rxb1 22.Rxb1 Nd7
23.Na4 Bb5 24.Nb6 Nxb6 25.Bxb6 Qa8 26.Qb3 Bd6 27.Rd1 Qb8 28.Qf3 h6 29.Qf5 c5
30.Bd5 c4 31.Rc1 Bc7 32.Bc5 Bd6 33.Be3 Ba3 34.Rc3 Bb4 35.Bxh6 Qd6 36.Bxg7 Bxc3
37.Bf6 Qxf6 38.Qxf6 Bd2 39.Qg6+ Kh8 40.Qd6 Kg8 41.Bxc4  1-0

[Event "TCh-HUN 2010-11"]
[Site "Mako HUN"]
[Date "2010.12.05"]
[Round "4"]
[White "Berkes,F"]
[Black "Erdos,V"]
[Result "1/2-1/2"]
[WhiteElo "2678"]
[BlackElo "2576"]

1.c4 c6 2.d4 d5 3.Nc3 Nf6 4.cxd5 cxd5 5.Nf3 Nc6 6.Bf4 Bf5 7.e3 e6 8.Bd3 Bxd3
9.Qxd3 Be7 10.O-O O-O 11.h3 Rc8 12.Rfc1 Nd7 13.Nd2 Nb6 14.a3 a6 15.Rc2 Qd7
16.Rac1 Na5 17.Ncb1 Rxc2 18.Rxc2 Rc8 19.b3 Rxc2 20.Qxc2 Qc6 21.Qxc6 Nxc6
22.Kf1 f6 23.Bc7 Na8 24.Bg3 Nb6 25.Ke2 Kf7 26.Kd3 Nd7 27.Bc7 e5 28.b4 e4+
29.Kc2 f5 30.Nc3 Ke6 31.f3  1/2-1/2

[Event "FSIM November"]
[Site "Budapest HUN"]
[Date "2010.12.06"]
[Round "3"]
[White "Adams,N"]
[Black "Tan Weiliang"]
[Result "1-0"]
[WhiteElo "2277"]
[BlackElo "2164"]

1.c4 c6 2.e4 d5 3.exd5 cxd5 4.cxd5 Nf6 5.Nc3 Nxd5 6.Nf3 Nc6 7.Bb5 Qd6 8.O-O Bg4
9.d4 e6 10.Qd3 Bf5 11.Qe2 Be7 12.Bc4 O-O 13.Be3 Rac8 14.Bxd5 exd5 15.h3 a6
16.Rac1 b5 17.Nd2 Nb4 18.Qf3 Bd3 19.Rfd1 Bc2 20.Rf1 Bg6 21.Nb3 Nd3 22.Ra1 Rfd8
23.Nc5 Nxc5 24.dxc5 Qc6 25.Rad1 Be4 26.Nxe4 dxe4 27.Qg4 Bf6 28.b3 Rd3 29.Rxd3 exd3
30.Rd1 Rd8 31.f3 g6 32.Qe4 Qd7 33.c6 Qd6 34.Bf4 Qc5+ 35.Kh2 g5 36.c7 Rc8
37.Bg3 Rxc7 38.Bxc7 Qxc7+ 39.f4 gxf4 40.Qf3 Qe5 41.Rxd3 Qa1 42.Qe4 Be5 43.Rd5 Bc7
44.Qe7 Qg7 45.Rg5 f3+ 46.g3  1-0

[Event "Channukah Closed"]
[Site "Haifa ISR"]
[Date "2010.12.06"]
[Round "6.2"]
[White "Gofshtein,L"]
[Black "Postny,E"]
[Result "0-1"]
[WhiteElo "2513"]
[BlackElo "2604"]

1.c4 c6 2.e4 d5 3.exd5 cxd5 4.d4 Nf6 5.Nc3 e6 6.c5 Be7 7.Nf3 O-O 8.b4 Ne4
9.Qc2 f5 10.Bd3 Nc6 11.a3 Bf6 12.Ne2 a6 13.Bb2 Qc7 14.O-O g5 15.Nd2 Qg7 16.Nb3 g4
17.Kh1 Bh4 18.Ng1 Qh6 19.Bc1 Qh5 20.Bf4 Bd7 21.g3 Bf6 22.Rad1 a5 23.bxa5 Nxa5
24.Bxe4 fxe4 25.Nxa5 Rxa5 26.Qb2 Bc6 27.Ne2 Rxc5 28.Kg1 Rb5 29.Qc3 Be7 30.a4 Rb4
31.a5 Ra8 32.Ra1 Rc4 33.Qe3 Bf6 34.Rfc1 Rxc1+ 35.Qxc1 Bb5 36.Nc3 Bd3 37.Be3 Rc8
38.Qb2 Qf7 39.Ra3 Qc7 40.h3 gxh3 41.Kh2 Qf7 42.Qc1 Bg7 43.Qd1 Qf5 44.Rb3 Bc2
45.Qxc2 Qf3 46.Kxh3 Qh1+ 47.Kg4 h5+ 48.Kg5 Qf3  0-1

[Event "2nd Pilsen Open"]
[Site "Plzen CZE"]
[Date "2010.12.06"]
[Round "3"]
[White "Turner,R"]
[Black "Bartos,J"]
[Result "1/2-1/2"]
[WhiteElo "2167"]
[BlackElo "2194"]

1.c4 c6 2.g3 d5 3.cxd5 cxd5 4.Nf3 Nf6 5.Bg2 Nc6 6.d4 Bf5 7.O-O e6 8.Qa4 a6
9.Ne5 Rc8 10.Nc3 Be7 11.h3 Nd7 12.g4 Bg6 13.Nxg6 hxg6 14.Be3 Nb6 15.Qd1 Nc4
16.Bc1 Bf6 17.e3 Nd6  1/2-1/2

[Event "Open ch-Skopje"]
[Site "Skopje MKD"]
[Date "2010.12.08"]
[Round "5"]
[White "Zhezhov,E"]
[Black "Mitkovski,K"]
[Result "1/2-1/2"]
[WhiteElo "1791"]
[BlackElo "2191"]

1.c4 c6 2.g3 d5 3.Bg2 Nf6 4.b3 Bf5 5.d3 e6 6.Nd2 Qa5 7.Bb2 Ba3 8.Qc1 Bxb2
9.Qxb2 O-O 10.Nf3 h6 11.O-O Nbd7 12.b4 Qc7 13.cxd5 exd5 14.Rac1 Qb6 15.a4 a5
16.b5 cxb5 17.axb5 Rfc8 18.Nd4 Be6 19.h3 a4 20.Nb1 Qa5 21.Qa3 Nb6 22.Nxe6 fxe6
23.Qe7 Qxb5 24.Qxe6+ Kh7 25.Qd6 Qb2 26.Qa3 Qxa3 27.Nxa3 Rxc1 28.Rxc1 Rc8
29.Rb1 Rc3 30.Rxb6 Rxa3 31.Rxb7 Ra1+ 32.Kh2 a3 33.Ra7  1/2-1/2

[Event "31st Crespi Memorial"]
[Site "Milan ITA"]
[Date "2010.12.09"]
[Round "7"]
[White "Solodovnichenko,Y"]
[Black "Herman,Ma"]
[Result "1/2-1/2"]
[WhiteElo "2563"]
[BlackElo "2149"]

1.c4 c6 2.e4 d5 3.exd5 cxd5 4.d4 Nf6 5.Nc3 Nc6 6.Bg5 Be6 7.a3 g6 8.Bxf6 exf6
9.c5 Bg7 10.Bb5 O-O 11.Nge2 f5 12.Qd3 f4 13.Bxc6 bxc6 14.Nxf4 Qb8 15.Qd2 Bh6
16.Nce2 Re8 17.O-O Bc8 18.g3 Ba6 19.Rfe1 Bxe2 20.Rxe2 Rxe2 21.Qxe2 Bxf4 22.gxf4 Qxf4
23.Qe3 Qg4+ 24.Kf1 a5 25.b3 h5 26.Re1 Rb8 27.h3 Qf5 28.Qg3 Rc8 29.Kg2 Qf6
30.Re5 Kg7 31.h4 Kf8 32.Kf1 Re8 33.Rxe8+ Kxe8 34.Qb8+ Ke7 35.b4 axb4 36.axb4 Qe6
37.Qg3 Kf8 38.b5 cxb5 39.Qb8+ Kg7 40.Qxb5  1/2-1/2

[Event "2nd Pilsen Open"]
[Site "Plzen CZE"]
[Date "2010.12.09"]
[Round "7"]
[White "Richardson,Kei"]
[Black "Khamidov,K"]
[Result "0-1"]
[WhiteElo "2135"]
[BlackElo "1942"]

1.c4 c6 2.Nf3 d5 3.e3 Nf6 4.Qc2 g6 5.d4 Bg7 6.Nc3 O-O 7.Bd3 Nbd7 8.O-O Re8
9.cxd5 Nxd5 10.Nxd5 cxd5 11.Qb3 Nb6 12.Bd2 Bd7 13.Ba5 e6 14.Rac1 f6 15.e4 Bc6
16.Rfe1 dxe4 17.Bxe4 Bxe4 18.Rxe4 Qd5 19.Qxd5 Nxd5 20.Bd2 Kf7 21.Ree1 Rad8
22.h3 Rd7 23.Rc2 Bf8 24.a3 Bd6 25.g3 Bc7 26.Kg2 Bb6 27.Rec1 Red8 28.Be3 Ne7
29.g4 g5 30.h4 h6 31.hxg5 hxg5 32.Nd2 Kg7 33.b4 Rd5 34.a4 a6 35.Rb2 Nc6 36.b5 axb5
37.Rxb5 Rxb5 38.axb5 Ne7 39.Rc2 Rd5 40.Rb2 Nc8 41.Ra2 Rxb5 42.Ra8 Nd6  0-1

[Event "Schachbundesliga 2010-11"]
[Site "Hamburg GER"]
[Date "2010.12.11"]
[Round "5"]
[White "Bindrich,F"]
[Black "Schneider,Il"]
[Result "1-0"]
[WhiteElo "2507"]
[BlackElo "2519"]

1.c4 c6 2.e4 d5 3.exd5 cxd5 4.d4 Nf6 5.Nc3 Nc6 6.Nf3 Bg4 7.cxd5 Nxd5 8.Qb3 Bxf3
9.gxf3 e6 10.Qxb7 Nxd4 11.Bb5+ Nxb5 12.Qc6+ Ke7 13.Qxb5 Nxc3 14.Qc5+ Qd6
15.Qxc3 Qa6 16.Be3 Rc8 17.Qd4 Ke8 18.Rd1 Qb5 19.a3 f6 20.Rg1 a6 21.Rg4 Rg8
22.Re4 Kf7 23.Qd7+ Qxd7 24.Rxd7+ Be7 25.Ra4 Ra8 26.Bc5 Rge8 27.Rb4 Rac8 28.Bd6 Rcd8
29.Rbb7 Rxd7 30.Rxd7 e5 31.Ra7 Ke6 32.Bxe7 Rxe7 33.Rxa6+ Kd5 34.Kd2 Rb7 35.Ra5+ Kd4
36.Ra4+ Kd5 37.Ra5+ Kc4 38.Kc2 h5 39.b3+ Kd4 40.Ra4+ Kd5 41.Kc3 Rc7+ 42.Rc4 Rxc4+
43.bxc4+ Kc5 44.a4 g5 45.a5 f5 46.Kd3 h4 47.a6 Kb6 48.c5+ Kxa6 49.Kc4 e4
50.fxe4 f4 51.e5 g4 52.e6 g3 53.fxg3 fxg3 54.hxg3 h3 55.e7 h2 56.e8=Q h1=Q
57.Qe6+ Ka7 58.Qd7+ Kb8 59.Qd6+ Kc8 60.Qf8+ Kd7 61.Qf5+ Kc7 62.Qf4+ Kc6 63.Qd6+ Kb7
64.Qd5+  1-0

[Event "Schachbundesliga 2010-11"]
[Site "Emsdetten GER"]
[Date "2010.12.12"]
[Round "6"]
[White "Hoffmann,Micha1"]
[Black "Handke,F"]
[Result "1-0"]
[WhiteElo "2510"]
[BlackElo "2494"]

1.c4 c6 2.e4 e5 3.Nf3 d6 4.d4 Bg4 5.Be2 Nd7 6.O-O Ngf6 7.Nc3 Be7 8.Be3 O-O
9.d5 Bh5 10.Nd2 Bg6 11.b4 a5 12.a3 cxd5 13.cxd5 Nxe4 14.Ncxe4 f5 15.Nc4 f4
16.Nexd6 Bxd6 17.Nxd6 fxe3 18.fxe3 axb4 19.axb4 Qb6 20.Nc4 Qxb4 21.Rxa8 Rxa8
22.d6 Qc5 23.Qb3 Qd5 24.Rd1 Qe6 25.Bg4 Qf7 26.Bxd7 Qxd7 27.Nb6+ Bf7 28.Qb1  1-0

[Event "Schachbundesliga 2010-11"]
[Site "Hamburg GER"]
[Date "2010.12.12"]
[Round "6"]
[White "Thiede,L"]
[Black "Dautov,R"]
[Result "0-1"]
[WhiteElo "2445"]
[BlackElo "2602"]

1.c4 c6 2.g3 d5 3.Nf3 Nf6 4.Bg2 dxc4 5.O-O Be6 6.Ng5 Bf5 7.Na3 b5 8.b3 Qd4
9.bxc4 h6 10.Nf3 Qxa1 11.Qb3 Nbd7 12.d3 bxc4 13.Nxc4 Rb8 14.Qa4 Qb1 15.Bb2 Rxb2
16.Rxb1 Rxb1+ 17.Bf1 e6 18.Qxc6 Be7 19.Qc8+ Bd8 20.Nd6+ Ke7 21.Nxf5+ exf5
22.Nd4 Re8 23.Nxf5+ Kf8 24.Nd6 Rb8 25.Qc4 Re6 26.Nf5 Bb6 27.d4 g6 28.Nh4 Kg7
29.e3 Re7 30.Bh3 Nf8 31.Nf3 Rc7 32.Qa4 N8h7 33.Ne5 Rc1+ 34.Bf1 Bxd4 35.Qxd4 Rbb1
36.h4 Rxf1+ 37.Kg2 Rg1+ 38.Kf3 Rb7 39.e4 h5 40.Nd3 Rd7 41.Qc3 Kg8 42.Qc8+ Nf8
43.Ne5 Rd4 44.Qc5 Rxe4 45.Qe7 Rxe5 46.Qxe5 Ng4 47.Qa5 Rf1 48.Qxa7 Rxf2+ 49.Ke4 Re2+
50.Kf3 Rf2+ 51.Ke4 Rd2 52.Qa6 Nd7 53.Qc8+ Kg7 54.Kf3 Nde5+ 55.Ke4 f5+ 56.Kf4 Rd4+  0-1

[Event "Schachbundesliga 2010-11"]
[Site "Munich GER"]
[Date "2010.12.12"]
[Round "6"]
[White "Bezold,M"]
[Black "Jugelt,T"]
[Result "1-0"]
[WhiteElo "2525"]
[BlackElo "2409"]

1.c4 c6 2.e4 d5 3.exd5 cxd5 4.d4 Nf6 5.Nc3 e6 6.Nf3 Nc6 7.a3 Ne4 8.Bd3 Qa5
9.Bd2 Nxd2 10.Qxd2 dxc4 11.Bxc4 Be7 12.O-O O-O 13.b4 Qh5 14.Ne4 Rd8 15.Rad1 b6
16.Ng3 Qg6 17.Bd3 f5 18.Qa2 Kh8 19.Bc4 Bf6 20.d5 exd5 21.Bxd5 Bb7 22.h3 Rd7
23.b5 Rad8 24.bxc6 Bxc6 25.Bxc6 Rxd1 26.Rxd1 Rxd1+ 27.Kh2 Rd6 28.Qc4 h5 29.Bd5 Qe8
30.Nxf5 Rd8 31.Be6 Qf8 32.Qe4 Qc5 33.N5h4 Bxh4 34.Nxh4 g5 35.Qg6 Qc7+ 36.g3  1-0

[Event "London Chess Classic FIDE Open"]
[Site "London ENG"]
[Date "2010.12.13"]
[Round "7"]
[White "Tozer,Philip"]
[Black "Calvert,D"]
[Result "1-0"]
[WhiteElo "2123"]
[BlackElo "1981"]

1.c4 c6 2.g3 d5 3.Nf3 Nf6 4.Bg2 g6 5.b3 Bg7 6.Bb2 O-O 7.O-O Nbd7 8.d3 b6
9.Nbd2 Bb7 10.Re1 Re8 11.cxd5 cxd5 12.Nd4 a6 13.e4 e5 14.N4f3 dxe4 15.dxe4 b5
16.Qe2 Qb6 17.Rac1 Rac8 18.Rxc8 Bxc8 19.Rc1 Bb7 20.h3 h5 21.Kh2 Nh7 22.Ne1 Nhf8
23.Nd3 Ne6 24.Nf3 Nd4 25.Nxd4 exd4 26.f4 f5 27.e5 Nf8 28.Bxd4 Qxd4 29.Bxb7 Rd8
30.Rd1 Ne6 31.Nf2 Qb6 32.Bd5 Kf8 33.Bxe6 Rxd1 34.Nxd1 Qxe6 35.Qg2 g5 36.Ne3 gxf4
37.gxf4 Bh6 38.Qa8+ Kg7 39.Qb7+ Kg6 40.Qf3 Qc8 41.Nd5 Qc2+ 42.Qg2+ Qxg2+
43.Kxg2 Kf7 44.Kf3 a5 45.Ke3 Bf8 46.Nc7 Bc5+ 47.Kd3 b4 48.Nb5 Bf2 49.Nd4 Kg6
50.Kc4 Be3 51.Ne2 Bb6 52.Kb5 Bc7 53.Nd4 Bd8 54.Kc6  1-0

[Event "17th Open A"]
[Site "Zadar CRO"]
[Date "2010.12.13"]
[Round "3.8"]
[White "Cvitan,O"]
[Black "Schachinger,M"]
[Result "1-0"]
[WhiteElo "2526"]
[BlackElo "2359"]

1.c4 c6 2.e4 d5 3.exd5 cxd5 4.d4 Nf6 5.Nc3 Nc6 6.Nf3 Bg4 7.Be3 e6 8.c5 Be7
9.Be2 O-O 10.O-O Ne4 11.Rc1 f5 12.Ne1 Nxc3 13.bxc3 Bxe2 14.Qxe2 f4 15.Bd2 e5
16.dxe5 Bxc5 17.Nd3 Ba3 18.Rb1 Qh4 19.Qf3 Rf7 20.e6 Rf5 21.Rxb7 Re8 22.Rf7 Ne5
23.Nxe5 Rxe5 24.Rxf4 Qe7 25.Be3 Qxe6 26.g3 Re4 27.Rd1 a6 28.Rb1 Qc6 29.Rxe4 dxe4
30.Qh5 Rc8 31.Qe5 Bc5 32.Bxc5 Qxc5 33.Qxe4 Qxc3 34.Qe6+ Kh8 35.Qxa6 Rf8 36.Qd6 Qf3
37.Qd4 h6 38.a4 Qa3 39.Ra1  1-0

[Event "Bansko Grand Chess Open"]
[Site "Bansko BUL"]
[Date "2010.12.14"]
[Round "2.5"]
[White "Grigoryan,Av"]
[Black "Malikentzos,S"]
[Result "1-0"]
[WhiteElo "2580"]
[BlackElo "2312"]

1.c4 c6 2.Nc3 d5 3.e3 Nf6 4.Nf3 e6 5.Qc2 Nbd7 6.Be2 Bd6 7.b3 b6 8.Bb2 Bb7
9.Rg1 Ne5 10.Nxe5 Bxe5 11.f4 Bd6 12.O-O-O Qe7 13.Kb1 dxc4 14.bxc4 e5 15.fxe5 Bxe5
16.d4 Bxh2 17.Rh1 Bd6 18.e4 Ba3 19.e5 Nd7 20.Bxa3 Qxa3 21.Ne4 Kd8 22.Nd6 Kc7
23.Rh3 Qa5 24.Qb2 c5 25.Nxb7 Kxb7 26.Bf3+ Kc7 27.Bxa8 Qa4 28.Bf3  1-0